Dalit Rights Are Human Rights (Record no. 16903)

MARC details
000 -LEADER
fixed length control field 00560nam a2200229 a 4500
020 ## - INTERNATIONAL STANDARD BOOK NUMBER
ISBN 9788189524340
082 00 - DEWEY DECIMAL CLASSIFICATION NUMBER
Classification number 306.0899145
Author Cutter BOB
100 ## - MAIN ENTRY--AUTHOR NAME
Author name Bob, Clifford
245 ## - TITLE STATEMENT
Title Dalit Rights Are Human Rights
260 ## - PUBLICATION, DISTRIBUTION, ETC. (IMPRINT)
Place of publication New Delhi
Name of publisher Critical Quest
Year of publication 2008
300 ## - PHYSICAL DESCRIPTION
Number of Pages 32p
500 ## - GENERAL NOTE
General note includes index and biblioraphy
650 ## - SUBJECT ADDED ENTRY--TOPICAL TERM
Topical Term Dalits
942 ## - ADDED ENTRY ELEMENTS (KOHA)
Koha item type Books
700 1# -
-- Bob, Clifford
Holdings
Collection code Home library Current library Date acquired Cost, normal purchase price Full call number Accession Number Koha item type
  Henry Martyn Institute Library Henry Martyn Institute Library 07/27/2009 20.00 306.0899145 BOB 022830 Books
                   Copyright © 2026 | Henry Martyn Institute | Hyderabad | TS-500052 | INDIA | Implemented by hmi.edu.in
Hit-Count:

Powered by Koha